000 01806nam0a2200349 4500
001 RU\NLR\bibl\218982
005 20260405055647.0
010 _a5-7243-0067-2
_91000
035 _a(NLR Aleph) 000215064
090 _a1249076
_c1249076
100 _a20020115d2000 |||y0rusy50 ca
101 0 _arus
102 _aRU
105 _aac |||||||||
200 1 _aПроблемы медицинской этики в хирургии
_fВ.С. Лучкевич, Г.Л. Микиртичан, Р.В. Суворова, В.В. Шепилов
210 _aСПб.
_cСПбГМА
_d2000
215 _a377 с.
_cил., портр.
_d20
300 _aНа обл. авт. не указаны
300 _aНа обороте тит. л. авт.: Лучкевич Владимир Станиславович - д.м.н., проф., Микиртичан Галина Львовна - д.м.н., проф., Суворова Римма Васильевна - к.м.н., доц., Шепилов Владимир Васильевич - к.м.н.
320 _aБиблиогр.: с. 254-263 (120 назв.)
606 0 _aВрачебная этика в хирургии
_91347742
_3RU\NLR\auth\66247664
606 0 _aХирурги
_xВрачебная этика
_92175982
_3RU\NLR\auth\661308730
686 _aР11(2)284.5п913
701 1 _aЛучкевич
_bВ. С.
_gВладимир Станиславович
_4070
701 1 _4070
_8rus
_7ca
_aМикиртичан
_bГ.Л.
_gГалина Львовна
_3RU\NLR\auth\7719145
_92218
701 1 _aСуворова
_bР. В.
_gРимма Васильевна
_4070
701 1 _aШепилов
_bВ. В.
_gВладимир Васильевич
_4070
801 0 _aRU
_bNLR
_c20020115
_gPSBO
801 1 _aRU
_bNLR
_c20020115
942 _cBOOK
980 _aNB